| 000 | 01456nam0a22003011 4500 | ||
|---|---|---|---|
| 001 | rc\2207143 | ||
| 005 | 20110829165704.1 | ||
| 035 | _a(NLR Aleph) 006695277 | ||
| 090 |
_a5187562 _c5187562 |
||
| 100 | _a20110829d1979 |||y0rusy50 ca | ||
| 101 | 0 | _arus | |
| 102 | _aRU | ||
| 105 | _aa z ||||| | ||
| 200 | 1 |
_aПетролого-минералогические особенности пород и технических камней _e[Сб. статей] _fАН СССР, Ин-т геологии руд. месторождений, минералогии, петрографии и геохимии _g[Отв. ред. В.П. Петров] |
|
| 210 |
_aМосква _cНаука _d1979 |
||
| 215 |
_a271 с., 1 л. ил., 1 отд. л. схем. _cил. _d21 |
||
| 320 | _aБиблиогр. в конце статей | ||
| 606 |
_aПетрография техническая _jСборники _2psbo |
||
| 606 |
_aМинералогия техническая _jСборники _2psbo |
||
| 702 | 1 |
_aПетров _bВ. П. _gВалентин Петрович _4340 |
|
| 712 | 0 | 2 |
_aИнститут геологии рудных месторождений, петрографии, минералогии и геохимии _cМосква _3RU\NLR\AUTH\8810005478 |
| 801 | 0 |
_aRU _bNLR _gpsbo |
|
| 801 | 1 |
_aRU _bELAR _2rusmarc |
|
| 852 |
_aNLR _j79-5/2693 |
||
| 899 |
_aRuMoRGB _jБ 79-13/85 |
||
| 899 |
_aRuMoRGB _jБ 79-13/86 |
||
| 942 | _cBOOK | ||
| 980 | _aNB | ||